NCIS Quiz - Statistics

General Stats
  • This quiz has been taken 732 times
  • The average score is 10 of 15
Answer Stats
Question Answer % Correct
What is Dr Mallard Nicknamed? Ducky
92%
What was NCIS named before? NIS
89%
Michael Weatherly portrays which character? Special Agent Anthony DiNozzo
89%
Who works with Dr Mallard in the morgue? Jimmy Palmer
86%
What organisaztion did Ziva work for before she worked for NCIS? Mossad
85%
What was Special Agent Gibbs' Daughter called? Kelly
83%
What are Special Agent Gibbs' First Names Leroy Jethro
83%
What was Special Agent Gibbs before he worked at NCIS? Marine
82%
What Country is Dr Donald Mallard from? United Kingdom
77%
Which Character did Ziva David replace? Kate Todd
74%
What does NCIS Stand for? Naval Criminal Investigative Service
71%
Where was the Pilot of NCIS mainly based? Air Force One
33%
What Pseudonym does Mcgee Write under for his books? Thom. E. Gemcity
30%
Where is NCIS Headquaters? Washington D.C Navy Yard
24%
What Firearms do NCIS Special Agents Carry? Sig Sauer P228
5%
No matching quizzes found
Score Distribution
Percent of People with Each Score
Percentile by Number Answered
Your Score History
You have not taken this quiz